Voces de mujeres: historias de vida en primera persona

Enregistré dans:
Détails bibliographiques
Collectivités auteurs: Universidad Diego Portales (Auteur), Universidad Católica Silva Henríquez (Auteur), Fundación para la Superación de la Pobreza (Auteur)
Format: Livre
Langue:espagnol
Publié: Santiago Hogar de Cristo 2008
Sujets:
Tags: Ajouter un tag
Pas de tags, Soyez le premier à ajouter un tag!

MARC

LEADER 00000nam a2200000 a 4500
001 UCH4417
003 CL-VaPUC
008 090820e20080000CL |||||||||||||||||spa|d
020 |a 9789567947751 
082 0 4 |a 305.4  |b UNI  |2 21 
110 2 |a Universidad Diego Portales  |e author  |9 539931 
710 2 |a Universidad Católica Silva Henríquez  |e author  |9 539932 
710 2 |a Fundación para la Superación de la Pobreza  |e author  |9 539933 
245 1 0 |a Voces de mujeres: historias de vida en primera persona 
300 |a 70 p 
942 |c BK 
945 |d 20090820 00:00:00  |a rbrito 
260 |a Santiago  |b Hogar de Cristo  |c 2008 
650 0 |a Mujeres  |9 257649 
650 0 |a Pobreza  |9 258652 
650 0 |a Problemas sociales  |9 258537 
650 0 |a Participación social  |9 256140 
583 |a last modification  |c 20090820 00:00:00  |k Rodrigo Vera 
999 |c 335741  |d 335739 
952 |0 0  |1 0  |4 0  |6 305_400000000000000_UNI_2008  |7 0  |8 A  |9 426386  |a BIBEDU  |b BIBEDU  |d 2019-11-22  |i 4589815  |o 305.4 UNI 2008  |p 4589815  |r 2019-11-22  |w 2019-11-22  |y BK  |k PSI